000
00321nam a22001337a 4500
008
170525b xxu||||| |||| 00| 0 eng d
020
_a
9780131477148
041
_a
eng
080
_2
2ND
_a
624
100
_a
26
101
_a
IM
245
_a
MATERIALS FOR CIVIL AND CONSTRUCTION ENGINEERS
_c
MAMLOUK,M.S
942
_2
udc
_c
BK
999
_c
14264
_d
14264